| 000 | 01487nam a2200373 c 4500 | ||
|---|---|---|---|
| 001 | 12064 | ||
| 003 | ES-MaCES | ||
| 005 | 20141221122152.0 | ||
| 008 | 010509s2000 sp d t o000 | spa d | ||
| 017 |
_aB 52492-2000 _bDL |
||
| 020 | _a8492370610 | ||
| 035 | _aCES20010006006m | ||
| 040 |
_aES-MaCES _bspa _cES-MaCES |
||
| 111 | 2 |
_aEncuentro de Expertos Europeos _d2000 _cBarcelona _9650 |
|
| 245 | 1 | 0 |
_aEconomía y trabajo en la sociedad del conocimiento _cEncuentro de Expertos Europeos en Barcelona, 24 y 25 de febrero de 2000 ; organización, Fundación CIREM (Centro d'initiatives i Recerques Europees a la Mediterrània) e Institut Català de Tecnologia (Càtedra de Tecnologia i Humaninisme) |
| 250 | _a1ª ed | ||
| 260 |
_a[Barcelona] _bFundación CIREM _bInstitut Català de Tecnologia _c2000 |
||
| 300 |
_a243 p. _bgráf. _c22 cm |
||
| 504 | _aBibliografía | ||
| 541 | _cGratuito | ||
| 650 | 4 |
_aempleo _928299 |
|
| 650 | 4 |
_anuevo orden económico internacional _929223 |
|
| 650 | 4 |
_amercado de trabajo _928292 |
|
| 650 | 4 |
_atecnología de la información _930104 |
|
| 650 | 4 |
_ared de información _928924 |
|
| 650 | 4 |
_aEspaña _926964 |
|
| 650 | 4 |
_aconferencia _927013 |
|
| 653 | 1 | 0 | _aEmpleo |
| 710 | 2 |
_aFundación Centro de Iniciativas e Investigaciones Europeas en el Mediterráneo _eed. _93777 |
|
| 710 | 2 |
_aInstituto Catalán de Tecnología _eed. _94120 |
|
| 902 | _aLIB Libro | ||
| 942 |
_2CES _cBK _h2.1. |
||
| 999 |
_c12064 _d12064 |
||